Masters 1000 and ATP 500 Tennis Tournaments - Statistics

General Stats
  • This quiz has been taken 124 times
  • The average score is 14 of 20
Answer Stats
Level Answer % Correct
Masters 1000 Indian Wells
99%
Masters 1000 Miami
96%
Masters 1000 Rome
96%
Masters 1000 Madrid
95%
Masters 1000 Monte Carlo
95%
Masters 1000 Paris
92%
Masters 1000 Cincinnati
91%
Masters 1000 Toronto/ Montreal
91%
Masters 1000 Shanghai
90%
ATP 500 Rotterdam
67%
ATP 500 Barcelona
64%
ATP 500 Acapulco
61%
ATP 500 Rio
60%
ATP 500 Halle
52%
ATP 500 Dubai
51%
ATP 500 Basel
47%
ATP 500 Queens
45%
ATP 500 Washington D.C
44%
ATP 500 Hamburg
38%
ATP 500 Tokyo Beijing
1%
No matching quizzes found
Score Distribution
Percent of People with Each Score
Percentile by Number Answered
Your Score History
You have not taken this quiz